000 nam a22 7a 4500
999 _c233025
_d233025
003 Nust
005 20170228095435.0
008 170228b xxu||||| |||| 00| 0 eng d
040 _c0
050 _a628 ALI
082 _a628 ALI
100 _aAli Khan,Jamshed
245 _aMixed Esters From High Free Fatty Acids Waster Cooking Oil Using A Heterogeneous Column System
_cJamshed Ali Khan
260 _aIslamabad
_bIESE (SCEE) NUST
_c2014.
300 _a41 p.
_bHB.
440 _aMS Environmental Engineering
500 _aThesis MS EE
650 _aEnvironmental Engineering
700 _4Dr. Yousuf Jamal (Supervisor)
942 _2ddc
_cTHE
_kIESE